000 00608nam a22002417a 4500
003 UA-OsUOA
001 96719
007 ta
008 20130321b un ||||| |||| 00| 0 ukr d
100 _aГарань А. В.
090 _a323.2(477)
_bГ20
942 _cBK
040 _aUA-OsUOA
_brus
_cUA-OsUOA
_dUA-OsUOA
245 _aУкраина в Европе: вопросы и ответы
300 _a79 с.
955 _a5
041 _arus
080 _a323.2(477)
020 _a978-966-8009-97-6
260 _aК.
_bСтилос
_c2010
650 7 _a32 Політика
_2UDC
999 _c382975
_d382975